| 000 | 00659nam a2200205 a 4500 | ||
|---|---|---|---|
| 001 | 000035582 | ||
| 005 | 20240530073920.0 | ||
| 008 | 111103s2011 dr 000 f spa d | ||
| 020 | _a9789945164442 | ||
| 040 |
_aDO-SdBNP _bspa _cBNPHU |
||
| 082 |
_aRD863.44 _bB483a |
||
| 100 | 1 |
_aBeras, Vicente _921039 |
|
| 245 | 1 | 0 |
_aAmor de cinco sentidos : _bhistoria en que la mujer se conduce paso a paso / _cVicente Beras. |
| 260 |
_aSanto Domingo. : _bBúho, _c2011. |
||
| 300 |
_a155 p. : _bil. ; _c22. |
||
| 590 | _aInventariado, 2020/MFF | ||
| 650 | 0 |
_aNovela dominicana _9223 |
|
| 650 | 0 |
_aLiteratura dominicana. _967 |
|
| 910 | _aValidado. Control de calidad MFF | ||
| 999 |
_c35073 _d35073 |
||